000 00510nam a22001697a 4500
005 20251108164404.0
008 250721s1994 xx 000 0 ara d
082 1 4 _a730/فتح
100 1 _aعبد الحليم، فتح الباب
245 1 0 _aالتصميم في الفن التشكيلي /
264 1 _aالقاهره :
_bعالم الكتب،
_c1994.
300 _a94ص
650 1 7 _aالفنون التشكيلية
700 1 _aرشدان، أحمد حافظ
942 _2ddc
_cBK
999 _c10975
_d10975